Largest Cities in the Canadian Provinces - Statistics

General Stats
  • This quiz has been taken 28 times
  • The average score is 20 of 40
Answer Stats
Population City % Correct
1,306,784 Calgary
100%
1,010,899 Edmonton
100%
1,762,949 Montreal
100%
1,017,449 Ottawa
100%
2,794,356 Toronto
100%
662,248 Vancouver
100%
439,819 Halifax
91%
549,459 Quebec
91%
749,607 Winnipeg
87%
20,340 Yellowknife
87%
266,141 Saskatoon
78%
69,895 St. John
78%
110,525 St. John's
78%
717,961 Mississauga
74%
28,201 Whitehorse
74%
38,809 Charlottetown
70%
63,116 Fredericton
70%
226,404 Regina
70%
7,429 Iqaluit
61%
568,322 Surrey
61%
438,366 Laval
57%
79,470 Moncton
52%
249,125 Burnaby
48%
100,844 Red Deer
43%
51,313 Brandon
30%
30,960 Sydney
26%
1,577 Dawson
22%
47,918 Kings
17%
93,694 Cape Breton
13%
3,137 Inuvik
13%
37,756 Prince Albert
13%
16,001 Summerside
13%
27,168 Conception Bay South
9%
10,927 Stratford
9%
2,975 Rankin Inlet
4%
17,806 Steinbach
4%
2,864 Arviat
0%
3,169 Hay River
0%
22,957 Paradise
0%
1,133 Watson Lake
0%
No matching quizzes found
Score Distribution
Percent of People with Each Score
Percentile by Number Answered
Your Score History
You have not taken this quiz